Vài suy nghĩ về chiến thắng Rạch Gầm - Xoài Mút /
Saved in:
| Main Author: | |
|---|---|
| Format: | Article |
| Language: | Vietnamese |
| Subjects: | |
| Tags: |
Add Tag
No Tags, Be the first to tag this record!
|
| Institutions: | Thư viện Trường Đại học Đà Lạt |
|---|
| LEADER | 00758nam a2200253 4500 | ||
|---|---|---|---|
| 001 | DLU090086547 | ||
| 005 | ##20090923 | ||
| 040 | # | # | |a DLU |b vie |
| 041 | # | # | |a vie |
| 044 | # | # | |a vn |
| 100 | # | # | |a Nguyễn Danh Phiệt. |
| 245 | # | # | |a Vài suy nghĩ về chiến thắng Rạch Gầm - Xoài Mút / |c Nguyễn Danh Phiệt. |
| 653 | # | # | |a Chống xâm lược |
| 653 | # | # | |a Truyền thống yêu nước |
| 773 | # | # | |t Nghiên cứu lịch sử |g Số 1(220), 1985, tr. 11-15 |
| 920 | # | # | |a Phòng Tạp chí -- Trung tâm Thông tin - Thư viện Trường Đại học Đà Lạt |
| 994 | # | # | |a DLU |
| 900 | # | # | |a True |
| 911 | # | # | |a Nguyễn Thị Linh Chi |
| 925 | # | # | |a G |
| 926 | # | # | |a A |
| 927 | # | # | |a BB |
| 980 | # | # | |a Thư viện Trường Đại học Đà Lạt |